| 000 | 00501nam a2200181Ia 4500 | ||
|---|---|---|---|
| 001 | 16327 | ||
| 005 | 20260306170301.0 | ||
| 008 | 260306t2008||||xx |||||||||||||| ||und|| | ||
| 041 | _aESP | ||
| 082 |
_a348.2541 _bG32 |
||
| 100 |
_aGrupo de estudios en internet, comercio electrónico, telecomunicaciones e informática _eAUT |
||
| 245 | 0 | _aDerecho de las telecomunicaciones | |
| 260 | _c2008 | ||
| 300 |
_a394 páginas : _c23 cm. |
||
| 650 | _aGEN | ||
| 654 | _aCDE | ||
| 942 |
_cLIB _dJUS _fJUS _2ddc _n |
||
| 999 |
_c16327 _d16327 |
||